000 00397nam a2200169Ia 4500
001 3403
003 IN-NITTTR
005 20251114232947.0
008 251113s9999||||xx |||||||||||||| ||eng||
040 _beng
040 _cIN-NITTTR
041 _aeng
082 _a372.35 M474T
100 _aMehta, P. S.
245 0 _aTeaching of Science :
_b a modern approch /
_cMehta, P. S.
942 _2ddc
_cBK
999 _c5730
_d5730